000 00610nam a22001817a 4500
003 BUBTL
008 190403b xxu||||| |||| 00| 0 eng d
020 _a984-8160-121-6
082 _a891.443 / AHA
100 _91703
_aআহমেদ,হুমায়ূন
245 _aআমিই মিসির আলি /
_cহুমায়ূন আহমেদ
260 _aঢাকা :
_bঅন্য প্রকাশ,
_cc2000
300 _a95 p. :
_c22 cm.
650 0 _91689
_aবাংলা সাহিত্য
856 _k0
_l0
_yDownload
942 _2ddc
_cBK
999 _c5945
_d5945